000
00195 a2200097 4500
001
34614
100
_a
Holzner, Steve
245
_a
C Programming
260
_a
ND
_b
PHI
_c
090
_c
22898
_d
22898
942
_a
NUST-CAE
_c
M
_c
14333
999
_c
269687
_d
269687